Statistics for WWE Royal Rumble 2020 Entrants Quiz (Women's match)

Click here to take the quiz!

General Stats

  • This quiz has been taken 305 times
  • The average score is 20 of 30

Answer Stats

ENAnswerEL% Correct
2Bianca Belair16
92%
17CharlotteW
92%
1Alexa Bliss15
91%
23Natalya27
83%
30Shayna Baszler29
82%
7Liv Morgan2
80%
4Nikki Cross5
78%
18Naomi26
77%
8Mandy Rose6
76%
15Dakota Kai12
73%
5Lana1
73%
24Xia Li20
72%
3Mighty Molly3
71%
10Sonya Deville7
71%
14Tamina10
71%
11Kairi Sane9
70%
19Beth Phoenix28
69%
22Sarah Logan17
68%
27Carmella24
63%
21Kelly Kelly18
63%
13Dana Brooke14
62%
9Candice Lerae8
57%
29Santina Marella19
57%
28Tegan Nox21
55%
20Toni Storm25
48%
25Zelina Vega22
48%
16Chelsea Green13
47%
26Shotzi Blackheart23
44%
6Mercedes Martinez4
43%
12Mia Yim11
43%

Score Distribution

Percentile by Number Answered

Percent of People with Each Score

Your Score History

You have not taken this quiz